000 03395nam a2200373 a 4500
001 000015411
003 DO-SdBNP
005 20210602133947.0
008 100208t2004 dr 001 edspa d
020 _a9993442216
040 _aBPMSU
_bspa
_cBPMSU
082 _aCh861.4409
_bN454P
_222
245 0 0 _aPablo Neruda y su presencia en Santo Domingo :
_bponencias de un encuentro inolvidable /
_cselección y prólogo Mateo Morrison ; presentación Carlos Esteban Deive ; edición Andrés Blanco Díaz.
260 _aSanto Domingo :
_bDirección General de la Feria del Libro,
_c2004.
300 _a258 p. ;
_c23 cm.
490 0 _aFerilibro
_v57
500 _aPonencias presentadas en el Seminario Internacional de Escritores sobre Pablo Neruda, celebrada en Santo Domingo, UASD, 1981.
500 _aFeria dedicada al poeta chileno Pablo Neruda
500 _aIncluyere bibliografía y notas al pie de páginas.
505 0 _gPresentación /
_rCarlos Esteban Deive --
_gPrólogo /
_rMateo Morrison --
_gI Parte :
_tIdeología y literatura, alcance y límite del compromiso /
_rRoberto Sosa (Honduras) --
_tNeruda y la identidad americana /
_rAndrés Bansart (Chile) --
_tNotas para un texto futuro /
_rCecilia Vicuña (Chile) --
_tCompromiso y testimonio del entorno en la poesía de Pablo Neruda /
_rMax Efraín Pérez (Bolivia) --
_tPablo Neruda en mis recuerdos (Apuntes sobre el libro Confieso que he vivido) /
_rRogelio Sinán (Panamá) --
_tPablo Neruda en el vivo recuerdo: De Residencia en la Tierra a España en el corazón /
_rAlberto Baeza Flores (Chile) --
_tEl papel del intelectual hoy en América Latina /
_rJuan Carmelo García (España) --
_tEl furor múltiple del verso nerudiano irradiado desde Veinte poemas de amor y una canción desesperada /
_rCarlos Marcelo Constanzo (Argentina) --
_tLos chancros en las visiones de un dios (Santa Teresa, Sade, Artaud) /
_rIván Silen (Puerto Rico) --
_tLa sed de amor en Pablo Neruda /
_rEdna Coli (Puerto Rico) --
_tNeruda y su visión de Quevedo como una poética de la libertad /
_rRoberto Juarroz (Argentina) --
_gII Parte :
_tFundamentos de la producción textual /
_rBruno Rosario Candelier (República Dominicana) --
_tMito y unidad américana en el Canto general de Pablo Neruda /
_rManuel A. Matos Moquete (República Dominicana) --
_tLa poesía de Neruda: un arma para la lucha de los pueblos /
_rAbelardo Vicioso (República Dominicana) --
_tNeruda: testimonio del poeta y su poesía /
_rManuel Mora Serrano (República Dominicana) --
_tImágenes de la chilenidad en Pablo Neruda /
_rManuel Rueda (República Dominicana) --
_tIdeología de la diferencia en la escritura latinoamericana /
_rEnrique Eusebio (República Dominicana) --
_tEl tratamiento de la mujer en la poética de Pablo Neruda /
_rEmelda Ramos (República Dominicana).
586 _aPremio Nobel de Literatura
590 _aInventariado, 2021/VM
600 1 4 _aNeruda, Pablo
_d1904-1973
_xEnsayos, conferencias, etc.
600 1 4 _aNeruda, Pablo
_d1904-1973
_xCrítica e interpretación
650 4 _aLiteratura chilena
_xHistoria y crítica
650 4 _aPoetas chilenos
_xCrítica e interpretación
650 4 _aAutores en literatura
700 1 _aMorrison, Mateo,
_d1947-
_ecomp.
700 1 _aBlanco Díaz, Andrés
_eed.
700 1 _aDeive, Carlos Esteban,
_d1935-
711 2 _aFeria Internacional del Libro
_n(7a :
_d2004 :
_cSanto Domingo)
_h
910 _aVMateo
942 _2ddc
_cBK
999 _c13554
_d13554